000 00740nam a2200241Ia 4500
003 OSt
005 20220923224410.0
006 a|||||r|||| 00| 0
007 ta
008 Pun
024 _a231,964
037 _cTextual
040 _aARTS
_cARTS
_bPun
041 _2Pun
_aPun
082 _aO153,1x, K1
100 _aਕਰਤਾਰ ਸਿੰਘ FਮFੇਰ, ਥਦ.
_9167970
245 0 _aਨੀਲੀ ਤੇ ਰਾਵੀ
260 _aਲੁਧਿਆਣਾ
_b ਪੰਜਾਬੀ ਸਾਹਿੱਤ ਅਕਾਦਮੀ
_c1969
300 _a318ਪੰ
_ccm.
650 _aਪੰਜਾਬੀ ਸਾਹਿਤ
942 _hO153,1x, K1
_cTEXL
_2CC
999 _c371172
_d371172